Générique Les Bisounours - Paroles - Statistiques

Statistiques générales
  • Ce quiz a été pris 18 fois
  • Le résultat moyen est 6 sur 20
Statistiques - réponses
Paroles % Correct
Oui je veux être un {bisou}
100%
Oh j'en veux plein dans le {cou}, un nounours
83%
Oh oui, je veux être un {Bisounours}, c'est tout !
67%
Aimer comme tous les {Bisounours}
61%
Je veux être un {Bisounours}
50%
Je veux être un {Bisounours}, c'est tout !
44%
C'est {tout} ?
39%
Pour faire lever le {soleil}
33%
Du haut de mon p'tit {nuage}
28%
De derrière la {Grande} {Ourse}
11%
Les Bisounours à la {rescousse}
11%
Oh doux comme de la {mousse}, un Bisounours
11%
Peser comme de la {mousse}, un Bisounours
11%
Qui fait {sourire} toutes les frimousses, frimousses
11%
Je ne veux pas être {pilote} ou sapeur-pompier
6%
Je recevrai des {messages}
6%
Je serai sans {pareil}
6%
Ni même pirate de l'espace ou grand {cuisinier}
6%
Peut-être un Bisounours, un {nounours}
6%
Rien ne rendra plus tendre un {caillou}
6%
Aucun quiz correspondant
Distribution des résultats
% des personnes avec chaque résultat
Percentile par nombre de réponses
Votre historique - résultats
Vous n’avez pas pris ce quiz